A text-book of electrical technology in S.I. system of units (including rationalized M.K.S.A. System) : vol.I, basic electrical engineering /

Bibliografske podrobnosti
Glavni avtor: Theraja, B. L.
Format: Knjiga
Izdano: Ram Nagar, New Delhi : Nirja Construction & Development, 1994.(Reprinted 2001)
Izdaja:Twenty-first edition
Teme:
Classic Catalogue: View this record in Classic Catalogue
LEADER 01402nam a2200277 a 4500
001 10759
003 BD-DhAAL
008 090506r20011994 ii a 0001 0 eng d
999 |c 445  |d 445 
020 |a 8121902908 
020 |a 8121902894  
040 |a BD-DhAAL 
082 0 4 |a 621.3  |2 21  
100 1 |a Theraja, B. L.   |9 24880 
245 1 2 |a A text-book of electrical technology in S.I. system of units (including rationalized M.K.S.A. System) :   |b vol.I, basic electrical engineering /  |c B.L. Theraja, A.K. Theraja.  
250 |a Twenty-first edition 
260 |a Ram Nagar, New Delhi :  |b Nirja Construction & Development,  |c 1994.(Reprinted 2001)  
300 |a xxxii, 1867 pages :  |b illustrations ;  |c 25 cm.  
362 0 |a Vol.I 
541 1 |e 10759 
650 0 |a Electrical engineering.   |9 24881 
852 4 |a Ayesha Abed Library  |c General Stacks 
942 0 0 |0 1  |2 ddc  |c BK 
952 |0 0  |1 0  |2 ddc  |4 0  |6 621_319130000000000_THE_2001  |7 0  |9 405  |a BRACUL  |b BRACUL  |c GEN  |d 2009-05-06  |g 240.00  |l 8  |m 11  |o 621.31913 THE  |p 3010010759  |r 2025-02-11  |s 2024-12-24  |t 1  |v 480.00  |w 2009-05-06  |y BK 
952 |0 0  |1 0  |2 ddc  |4 0  |6 621_319130000000000_THE_2001  |7 0  |9 8750  |a BRACUL  |b BRACUL  |c GEN  |d 2010-03-23  |l 3  |m 26  |o 621.31913 THE  |p 3010010763  |r 2018-04-15  |s 2017-12-06  |t 2  |w 2010-03-23  |y BK 
952 |0 0  |1 0  |2 ddc  |4 0  |6 621_319130000000000_THE_2001  |7 0  |9 8839  |a BRACUL  |b BRACUL  |c GEN  |d 2010-03-29  |l 4  |m 30  |o 621.31913 THE  |p 3010010762  |r 2024-05-23  |s 2024-02-03  |t 3  |w 2010-03-29  |y BK